Sports Quiz

Random Sports Quiz

Name the Top 100 NFL Receiving Yards Career Leaders Quiz Stats

 Plays Quiz not verified by Sporcle

Challenge
Share
Tweet
Embed
Score 0/100 Timer 20:00
0 Plays Today
Yards Answer % Correct
22,895Jerry Rice
99.2%
15,934Terrell Owens
97.7%
15,292Randy Moss
96.9%
15,127Tony Gonzalez
96.2%
14,934Tim Brown
96.2%
14,389Larry Fitzgerald
96.2%
14,185Andre Johnson
96.2%
11,619Calvin Johnson
96.2%
11,059Chad Johnson
96.2%
10,571Keyshawn Johnson
96.2%
10,283Santana Moss
96.2%
15,208Isaac Bruce
95.4%
14,580Marvin Harrison
95.4%
12,287Jimmy Smith
95.4%
8,377Antonio Brown
95.4%
14,345Reggie Wayne
94.6%
11,389Rod Smith
94.6%
7,918Jackie Smith
94.6%
10,863Roddy White
93.1%
9,080Vincent Jackson
92.3%
8,819DeSean Jackson
92.3%
13,382Torry Holt
91.5%
12,083Hines Ward
91.5%
11,192Antonio Gates
91.5%
10,372Harold Jackson
91.5%
13,779Anquan Boldin
90%
13,899Cris Carter
89.2%
11,888Jason Witten
89.2%
11,904Michael Irvin
88.5%
7,733Anthony Carter
88.5%
12,061Brandon Marshall
87.7%
13,089Steve Largent
86.2%
10,060Shannon Sharpe
84.6%
10,137Donald Driver
84.6%
Yards Answer % Correct
8,134Sterling Sharpe
84.6%
14,731Steve Smith
83.8%
12,721Art Monk
82.3%
9,924Wes Welker
81.5%
13,198Andre Reed
80.8%
11,438Muhsin Muhammad
80.8%
9,759Marques Colston
79.2%
8,291Greg Jennings
79.2%
12,061Derrick Mason
78.5%
8,974Mark Clayton
76.9%
8,499Plaxico Burress
76.2%
8,869Mark Duper
73.8%
12,785Irving Fryar
73.1%
8,723John Stallworth
73.1%
11,373Keenan McCardell
72.3%
9,947Amani Toomer
72.3%
9,368Rob Moore
72.3%
9,174Herman Moore
72.3%
14,004James Lofton
70.8%
10,856Gary Clark
70.8%
8,965Roy Green
70.8%
10,205Andre Rison
69.2%
10,950Joey Galloway
68.5%
8,774Joe Horn
67.7%
10,266Lance Alworth
66.9%
9,110Charley Taylor
66.9%
13,777Henry Ellard
63.1%
8,306Wesley Walker
63.1%
8,605Laveranues Coles
62.3%
12,146Charlie Joiner
60.8%
11,834Don Maynard
60.8%
9,995Eric Moulds
60.8%
8,974Fred Biletnikoff
59.2%
7,991Don Hutson
59.2%
Yards Answer % Correct
9,275Raymond Berry
57.7%
10,716Stanley Morgan
56.2%
9,831Drew Hill
56.2%
8,823Terry Glenn
56.2%
7,988Tony Hill
56.2%
9,148Anthony Miller
53.8%
8,985Harold Carmichael
53.8%
7,980Ozzie Newsome
53.1%
7,822Drew Pearson
53.1%
8,685Cliff Branch
51.5%
8,172Jeff Graham
46.2%
8,809Terance Mathis
44.6%
9,065Tony Martin
43.8%
8,685Paul Warfield
43.8%
8,161Eric Martin
43.8%
8,215Ernest Givins
41.5%
8,345Eddie Kennison
41.5%
8,966Wes Chandler
39.2%
8,763Mark Carrier
38.5%
8,230Curtis Conway
36.9%
8,878Ricky Proehl
36.2%
8,719Johnnie Morton
36.2%
7,751Bobby Engram
36.2%
8,001Bill Brooks
35.4%
7,954Bobby Mitchell
33.1%
8,410Tommy McDonald
31.5%
8,111Webster Slaughter
31.5%
8,091Haven Moses
30%
7,914Jimmy Orr
27.7%
8,277Carroll Dale
21.5%
8,459Billy Howton
20.8%
8,046Art Powell
20.8%

You're not logged in!

Compare scores with friends on all Sporcle quizzes.
OR
Log In

You Might Also Like...

Show Comments

Extras

Created Jul 18, 2017ReportNominate

Top Quizzes Today


Score Distribution

Your Account Isn't Verified!

In order to create a playlist on Sporcle, you need to verify the email address you used during registration. Go to your Sporcle Settings to finish the process.

Report this User

Report this user for behavior that violates our Community Guidelines.

Details: